Human Value of the Enterprise (Record no. 839)

MARC details
000 -LEADER
fixed length control field 00430nam a2200157Ia 4500
008 - FIXED-LENGTH DATA ELEMENTS--GENERAL INFORMATION
fixed length control field 230312s9999||||xx |||||||||||||| ||und||
020 ## - INTERNATIONAL STANDARD BOOK NUMBER
International Standard Book Number 10-1-904838-10-
082 ## - DEWEY DECIMAL CLASSIFICATION NUMBER
Classification number 658.3
Item number MAY-H
100 ## - MAIN ENTRY--PERSONAL NAME
Personal name Mayo,Andrew
245 #0 - TITLE STATEMENT
Title Human Value of the Enterprise
260 ## - PUBLICATION, DISTRIBUTION, ETC.
Name of publisher, distributor, etc. Nicholas Brealey International
Place of publication, distribution, etc. London
Date of publication, distribution, etc. 2007
300 ## - PHYSICAL DESCRIPTION
Extent 307
546 ## - LANGUAGE NOTE
Language note Eng.
650 ## - SUBJECT ADDED ENTRY--TOPICAL TERM
Topical term or geographic name entry element Management
Form subdivision Great gap to be Filled,People Drive Value
942 ## - ADDED ENTRY ELEMENTS (KOHA)
Koha item type BOOK
Holdings
Withdrawn status Lost status Source of classification or shelving scheme Damaged status Not for loan Home library Current library Date acquired Total Checkouts Full call number Barcode Date last seen Price effective from Koha item type
    Dewey Decimal Classification     Superior Information Resource Center (SIRC) Superior University- Main Campus Superior Information Resource Center (SIRC) Superior University- Main Campus 03/13/2023   658.3 MAY-H 848 03/13/2023 03/13/2023 BOOK

Powered by Koha